|
|
|
|
| LEADER |
02926nam a2200673 4500 |
| 001 |
ocn828100066 |
| 003 |
OCoLC |
| 005 |
20170124070324.1 |
| 006 |
m o d |
| 007 |
cr cnu---unuuu |
| 008 |
130220s2013 enka ob 001 0 eng d |
| 040 |
|
|
|a N$T
|b eng
|e pn
|c N$T
|d YDXCP
|d OCLCO
|d E7B
|d CUS
|d DG1
|d IDEBK
|d OCLCF
|d UKDOC
|d OCLCQ
|d COO
|d OCLCQ
|d LOA
|d OCLCQ
|d GrThAP
|
| 019 |
|
|
|a 826685379
|a 960200672
|a 961658610
|a 962653596
|
| 020 |
|
|
|a 9781118577769
|q (electronic bk.)
|
| 020 |
|
|
|a 1118577760
|q (electronic bk.)
|
| 020 |
|
|
|a 1118577663
|q (electronic bk.)
|
| 020 |
|
|
|a 9781118577660
|q (electronic bk.)
|
| 020 |
|
|
|a 9781118577585
|
| 020 |
|
|
|a 1118577582
|
| 020 |
|
|
|a 9781118577585
|q (electronic bk.)
|
| 020 |
|
|
|z 9781848214286
|q (hardback)
|
| 020 |
|
|
|z 1848214286
|q (hardback)
|
| 029 |
1 |
|
|a AU@
|b 000051629486
|
| 029 |
1 |
|
|a DEBBG
|b BV041069207
|
| 029 |
1 |
|
|a DEBBG
|b BV041911150
|
| 029 |
1 |
|
|a DEBBG
|b BV043395443
|
| 029 |
1 |
|
|a DKDLA
|b 820120-katalog:000696411
|
| 029 |
1 |
|
|a NZ1
|b 14873588
|
| 029 |
1 |
|
|a NZ1
|b 15340288
|
| 035 |
|
|
|a (OCoLC)828100066
|z (OCoLC)826685379
|z (OCoLC)960200672
|z (OCoLC)961658610
|z (OCoLC)962653596
|
| 050 |
|
4 |
|a TK7895.E42
|
| 072 |
|
7 |
|a COM
|x 074000
|2 bisacsh
|
| 072 |
|
7 |
|a COM
|x 050000
|2 bisacsh
|
| 072 |
|
7 |
|a COM
|x 041000
|2 bisacsh
|
| 082 |
0 |
4 |
|a 004.16
|2 23
|
| 049 |
|
|
|a MAIN
|
| 245 |
0 |
0 |
|a Memory allocation problems in embedded systems :
|b optimization methods /
|c María Soto [and others].
|
| 264 |
|
1 |
|a London :
|b Iste ;
|c 2013.
|
| 264 |
|
1 |
|a Hoboken, NJ :
|b Wiley,
|c 2013.
|
| 300 |
|
|
|a 1 online resource :
|b illustrations.
|
| 336 |
|
|
|a text
|b txt
|2 rdacontent
|
| 337 |
|
|
|a computer
|b c
|2 rdamedia
|
| 338 |
|
|
|a online resource
|b cr
|2 rdacarrier
|
| 490 |
1 |
|
|a Computer engineering series
|
| 500 |
|
|
|a Title from PDF title page (viewed on Feb. 20, 2013).
|
| 504 |
|
|
|a Includes bibliographical references and index.
|
| 505 |
0 |
|
|a Context: memory allocation problems in embedded systems -- Unconstrained memory allocation problem -- Memory allocation problem with constraint on the number of memory banks -- General memory allocation problem -- Dynamic memory allocation problem -- MemExplorer: cases studies -- General conclusions and future work -- Bibliography -- Index.
|
| 588 |
0 |
|
|a Print version record.
|
| 650 |
|
0 |
|a Embedded computer systems.
|
| 650 |
|
7 |
|a COMPUTERS
|x Hardware
|x Handheld Devices.
|2 bisacsh
|
| 650 |
|
7 |
|a COMPUTERS
|x Hardware
|x Personal Computers
|x General.
|2 bisacsh
|
| 650 |
|
7 |
|a COMPUTERS
|x Microprocessors.
|2 bisacsh
|
| 650 |
|
7 |
|a Embedded computer systems.
|2 fast
|0 (OCoLC)fst00908298
|
| 655 |
|
4 |
|a Electronic books.
|
| 700 |
1 |
|
|a Soto, María,
|d 1983-
|
| 776 |
0 |
8 |
|i Print version:
|t Memory allocation problems in embedded systems.
|d London : Iste ; Hoboken, NJ : Wiley, 2013
|z 9781848214286
|z 1848214286
|
| 830 |
|
0 |
|a Computer engineering series.
|
| 856 |
4 |
0 |
|u https://doi.org/10.1002/9781118577585
|z Full Text via HEAL-Link
|
| 994 |
|
|
|a 92
|b DG1
|